=LDR 00000nam 2200000 4500 =001 NUTBA000000000001681 =005 20140509160150.0 =006 =007 =008 =020 ##$$a 978-979-27-7859-5 =035 ##$$0010-051400000000146 =082 ##$$a 028.5 =090 ##$$a 028.5 $b Seo w =100 ##$$a Seo, Chan-Suk =245 ##$$a Why Happy Math 5 $c Seo, Chan-Suk =260 ##$$a Jakarta $b PT Elexmedia Komputindo $c 2010 =300 ##$$a 216 hlm $b ilus $c 23 cm. =650 ##$$a Bacaan anak-anak =850 ##$$a NBPBMAT =990 ##$$a 21400613/BPAP-NTB/20142014 =990 ##$$a 0001/BPAP-NTB/2016